000 00585nam a2200241 a 4500
001 nice12345678
003 IN_TiNIC
005 20260116013814.0
008 050524s1991 dela grp 000 0 eng
020 _a0803997
_c958.3
082 0 0 _a302.22
_bELI
100 _aElias, Norbert
245 _aSymbol Theory
260 _aDelhi
_bSage Pub
_c1991
300 _a147p
500 _aincludes index and biblioraphy
505 2 _aIndex
650 _aSociology-Communication-Symbol theo
700 1 _aElias, Norbert
902 _bSRS
942 _cBK
999 _c12592
_d12592